Hệ sinh thái nông nghiệp và phát triển bền vững
TM tài liệu tham khảo tr.174; Giới thiệu các vấn đề: sinh thái nông nghiệp; đa dạng sinh học và chức năng của sinh vật đất, hệ sinh thái và quản lý sâu hại trong các hệ thống nông nghiệp; chăn nuôi trong hệ sinh thái nông nghiệp và đa dạng sinh h...
Saved in:
| Main Author: | |
|---|---|
| Format: | Book |
| Language: | Undetermined |
| Published: |
H.
Đại học quốc gia Hà Nội
2007
|
| Subjects: | |
| Online Access: | http://lrc.tdmu.edu.vn/opac/search/detail.asp?aID=2&ID=15664 |
| Tags: |
Add Tag
No Tags, Be the first to tag this record!
|
| Institutions: | Trung tâm Học liệu Trường Đại học Thủ Dầu Một |
|---|
| LEADER | 01217nam a2200205Ia 4500 | ||
|---|---|---|---|
| 001 | TDMU_15664 | ||
| 008 | 210410s9999 xx 000 0 und d | ||
| 082 | |a 577.5 | ||
| 090 | |b PH104 | ||
| 100 | |a Phạm, Bình Quyền | ||
| 245 | 0 | |a Hệ sinh thái nông nghiệp và phát triển bền vững | |
| 245 | 0 | |c Phạm Bình Quyền | |
| 260 | |a H. | ||
| 260 | |b Đại học quốc gia Hà Nội | ||
| 260 | |c 2007 | ||
| 300 | |a 174tr. | ||
| 520 | |a TM tài liệu tham khảo tr.174; Giới thiệu các vấn đề: sinh thái nông nghiệp; đa dạng sinh học và chức năng của sinh vật đất, hệ sinh thái và quản lý sâu hại trong các hệ thống nông nghiệp; chăn nuôi trong hệ sinh thái nông nghiệp và đa dạng sinh học; phát triển bền vững nông nghiệp. | ||
| 650 | |a Sinh thái nông nghiệp; Sách khoa Công nghệ môi trường; Sách đại học – Môi trường; Phát triển bền vững | ||
| 856 | |u http://lrc.tdmu.edu.vn/opac/search/detail.asp?aID=2&ID=15664 | ||
| 980 | |a Trung tâm Học liệu Trường Đại học Thủ Dầu Một | ||